Administration of rural development of India (A) (Record no. 9179)

MARC details
000 -LEADER
fixed length control field 00558cam a2200205ua 4500
008 - FIXED-LENGTH DATA ELEMENTS--GENERAL INFORMATION
fixed length control field 170926n ii |||gr||||Z||||||asm
020 ## - INTERNATIONAL STANDARD BOOK NUMBER
International Standard Book Number 9789381784884
040 ## - CATALOGING SOURCE
Transcribing agency MAIN
041 ## - LANGUAGE CODE
-- asm
082 ## - DEWEY DECIMAL CLASSIFICATION NUMBER
Classification number 354.2794
100 ## - MAIN ENTRY--PERSONAL NAME
Personal name Gohain, Nabin,
Relator term
245 ## - TITLE STATEMENT
Title Administration of rural development of India (A)
Statement of responsibility, etc. By Nabin Gohain and Dipen Das
250 ## - EDITION STATEMENT
Edition statement 8th ed.
260 ## - PUBLICATION, DISTRIBUTION, ETC.
Place of publication, distribution, etc. Jorhat:
Name of publisher, distributor, etc. Bidya bhawan,
Date of publication, distribution, etc. 2017.
300 ## - PHYSICAL DESCRIPTION
Extent 434p.
700 ## - ADDED ENTRY--PERSONAL NAME
Personal name Das, Dipen,
Relator term
942 ## - ADDED ENTRY ELEMENTS (KOHA)
Koha item type Books
653 ## - INDEX TERM--UNCONTROLLED
Uncontrolled term Administration of economy & environment
Holdings
Withdrawn status Lost status Damaged status Not for loan Home library Current library Shelving location Date acquired Total Checkouts Full call number Barcode Date last seen Date last checked out Copy number Price effective from Koha item type
        Central Library, Naharkatiya College Central Library, Naharkatiya College General Stacks 19/09/2020 4 354.2794 | GOH 23839 10/03/2021 23/02/2021 1 19/09/2020 Books
        Central Library, Naharkatiya College Central Library, Naharkatiya College General Stacks 19/09/2020 9 354.2794 | GOH 23840 23/05/2022 17/05/2022 2 19/09/2020 Books

Naharkatiya College © 2020. All rights reserved.

Powered By